dried channa spp processing and exportation of lian heng trading co, ltd (ការកែច្នៃ និង ការនាំចេញត្រីងៀតចំរៀករ៉ស់នៃក្រុមហ៊ុន លាន ហេង) (Record no. 3766)

000 -LEADER
fixed length control field 00601nam a22001577a 4500
003 - CONTROL NUMBER IDENTIFIER
control field OSt
005 - DATE AND TIME OF LATEST TRANSACTION
control field 20151201092313.0
008 - FIXED-LENGTH DATA ELEMENTS--GENERAL INFORMATION
fixed length control field 151201b xxu||||| |||| 00| 0 eng d
040 ## - CATALOGING SOURCE
Transcribing agency RUA
082 ## - DEWEY DECIMAL CLASSIFICATION NUMBER
Classification number FIS LAY 2000 B172 Or.1
100 ## - MAIN ENTRY--PERSONAL NAME
9 (RLIN) 4048
Personal name LAY, CHANTHY.
245 ## - TITLE STATEMENT
Title dried channa spp processing and exportation of lian heng trading co, ltd (ការកែច្នៃ និង ការនាំចេញត្រីងៀតចំរៀករ៉ស់នៃក្រុមហ៊ុន លាន ហេង)
260 ## - PUBLICATION, DISTRIBUTION, ETC. (IMPRINT)
Place of publication, distribution, etc. Phnom Penh
Name of publisher, distributor, etc. RUA
Date of publication, distribution, etc. 2000
300 ## - PHYSICAL DESCRIPTION
Extent 42p.
Other physical details ill.
Dimensions 29cm.
942 ## - ADDED ENTRY ELEMENTS (KOHA)
Source of classification or shelving scheme
Koha item type FIS
Holdings
Price effective from Date last seen Permanent Location Not for loan Date acquired Source of classification or shelving scheme Koha item type Lost status Withdrawn status Date last checked out Total Checkouts Shelving location Damaged status Barcode Current Location Full call number
2015-12-012015-12-01Library Block B 2015-12-01 FIS    B172 RUA025731Library Block BFIS LAY 2000 B172 Or.1
2015-12-012015-12-01Library Block B 2015-12-01 FIS    B172 RUA025947Library Block BFIS LAY 2000 B172 Or.2
2015-12-012015-12-01Library Block B 2015-12-01 FIS    B172 RUA025528Library Block BFIS LAY 2000 B172 Or.3
2015-12-012015-12-01Library Block B 2015-12-01 FIS    B172 RUA025875Library Block BFIS LAY 2000 B172 Or.4
2015-12-012022-12-28Library Block B 2015-12-01 FIS  2022-12-021B172 RUA025803Library Block BFIS LAY 2000 B172 Or.5
2015-12-012025-09-03Library Block B 2015-12-01 FIS  2025-08-082B172 RUA043154Library Block BFIS LAY 2000 B172 Or.6
មជ្ឈមណ្ឌលឯការនៃសាកលវិទ្យាល័យភូមិន្ទកសិកម្មចំការដូង

Powered by Koha